| 000 | 01144nam a2200325 i 4500 | ||
|---|---|---|---|
| 001 | 000020159 | ||
| 003 | DO-SdBNP | ||
| 005 | 20260305073956.0 | ||
| 007 | ta | ||
| 008 | 100726s2004 dr ac 001 sdspa d | ||
| 020 | _z9993476897 | ||
| 040 |
_aDO-SdBNP _bspa _cBNPHU _erda |
||
| 082 | 4 |
_a320.97293 _bF363d, 2004 _222 |
|
| 100 | 1 |
_aFernández, Leonel, _d1953- _97291 |
|
| 245 | 1 | 0 |
_aDiscursos / _cLeonel Fernández ; editor, Rafael Núñez. |
| 250 | _a2ª ed. | ||
| 264 |
_aSanto Domingo : _bAlfa y Omega, _c2004. |
||
| 300 |
_a4 volúmenes : _bilustraciones y retratos ; _c23 cm. |
||
| 336 |
_2rdacontent _atexto _btxt |
||
| 337 |
_2rdamedia _asin mediación _bn |
||
| 338 |
_2rdacarrier _avolumen _bnc |
||
| 590 | _aInventariado, 2018/ YL | ||
| 600 | 1 | 4 |
_aFernandez, Leonel, _d1953-, _xEnsayos, conferencias, etc. _942749 |
| 650 | 4 |
_aRepública dominicana _xPresidente(1996-1986: leonel fernández reyna) _942750 |
|
| 650 | 4 |
_aDiscursos presidenciales _910061 |
|
| 651 | 0 |
_aRepública Dominicana _xPolítica y gobierno _945 |
|
| 700 | 1 |
_aNúñez, Rafael, _eeditor _91366 |
|
| 910 | _aValidado. Control de calidad EMS | ||
| 942 |
_2ddc _cLBS1 |
||
| 999 |
_c19666 _d19666 |
||